Solve the Secret Locations - Statistics

General Stats
  • This quiz has been taken 6,407 times
  • The average score is 23 of 28
Answer Stats
Clue Answer % Correct
Norway France
100%
O Spain Canada
97%
Warsaw Madrid
97%
G Ottawa Oslo
97%
Venezuela Poland
96%
Singapore Australia
89%
Canberra Athens
88%
S Greece Iran
88%
D Tehran Caracas
87%
A Nairobi Singapore
87%
E Ukraine Kenya
86%
Belgrade Kiev
86%
A Santiago Budapest
84%
O Cuba Chile
84%
Jerusalem Havana
84%
Indonesia Israel
84%
Hungary Serbia
84%
H Skopje Jakarta
83%
T Syria Macedonia
79%
Rabat Damascus
77%
Libya Morocco
76%
D Managua Tripoli
73%
South Korea Latvia
70%
B Seoul
70%
L BAGHDAD
68%
H New Zealand Nicaragua
67%
Riga Wellington
67%
LESOTHO
55%
No matching quizzes found
Score Distribution
Percent of People with Each Score
Percentile by Number Answered
Your Score History
You have not taken this quiz